[Event "2nd Longtou Cup 2019"]
[Site "Qinhuangdao CHN"]
[Date "2019.04.25"]
[Round "9.18"]
[White "Zhang, Lanlin"]
[Black "Sarukhanyan, Samvel"]
[Result "1-0"]
[WhiteElo "2192"]
[BlackElo "2038"]
[WhiteFideId "8608032"]
[BlackFideId "24138983"]
[EventDate "2019.04.16"]

1. e4 e5 2. Nf3 Nf6 3. Nxe5 d6 4. Nf3 Nxe4 5. Nc3 Nf6 6. d4 d5 7. Bd3 Bd6 8. O-O
O-O 9. Nb5 Bg4 10. h3 Bh5 11. Nxd6 Qxd6 12. Be2 Nc6 13. c3 Rfe8 14. Be3 Ne4 15.
Qc1 Re7 16. Re1 Rae8 17. b4 Nxf2 18. Nh4 Nxh3+ 19. Kh1 Rxe3 20. Nf5 Rxe2 21.
Nxd6 Rxe1+ 22. Qxe1 Rxe1+ 23. Rxe1 f6 24. Nxb7 Nf2+ 25. Kg1 Ne4 26. b5 Ne7 27.
c4 f5 28. c5 f4 29. a4 Nf5 30. a5 g5 31. a6 Ne7 32. b6 Nc8 33. Nd6 Nxb6 34. cxb6
cxb6 35. Nxe4 dxe4 36. Rxe4 Kf7 37. d5 Bg4 38. Rc4 Ke7 39. Rc7+ Kd6 40. Rxa7 Be2
41. Rd7+ 1-0

[Event "2nd Longtou Cup 2019"]
[Site "Qinhuangdao CHN"]
[Date "2019.04.25"]
[Round "9.19"]
[White "Otgonjargal, Sengeravdan"]
[Black "Sun, Chao"]
[Result "1-0"]
[WhiteTitle "WIM"]
[WhiteElo "2162"]
[BlackElo "2063"]
[WhiteFideId "4900790"]
[BlackFideId "8622990"]
[EventDate "2019.04.16"]

1. e4 e5 2. d4 exd4 3. Qxd4 Nc6 4. Qe3 Nf6 5. Bd2 g6 6. e5 Ng4 7. Qe4 Ngxe5 8.
f4 d5 9. Qe2 Qe7 10. fxe5 Nd4 11. Qd3 Qxe5+ 12. Ne2 c5 13. c3 Nf5 14. Bf4 Qe6
15. Na3 c4 16. Qd2 Bxa3 17. bxa3 O-O 18. Rd1 d4 19. cxd4 Bd7 20. d5 Qb6 21. Qb4
Rfe8 22. Qxb6 axb6 23. Bc1 Ne3 24. Bxe3 Rxe3 25. Kf2 Rexa3 26. Nc1 b5 27. Be2
Rc3 28. Rd4 Rc2 29. Rhd1 Ra3 30. R4d2 Rxd2 31. Rxd2 Rc3 32. Rd1 Kf8 33. d6 Ke8
34. Bf3 Bc6 35. Bxc6+ bxc6 36. d7+ Kd8 37. a4 Ra3 38. axb5 cxb5 39. Ne2 Ra6 40.
Nc3 b4 41. Nd5 b3 42. Ke3 Kxd7 43. Kd4 Ra2 44. Kxc4 Ke8 45. Ne3 Re2 46. Kd3 Rf2
47. Rb1 b2 48. h3 f5 49. Kd4 f4 50. Nc4 Rxg2 51. Rxb2 Rxb2 52. Nxb2 g5 53. Ke4
h5 54. Nd3 Ke7 55. Kf5 g4 56. h4 f3 57. Kf4 Ke6 58. Nf2 Kd5 59. Ne4 Kd4 60. Nf2
Kd5 61. Nd3 Kd4 62. Nf2 Kd5 63. Ne4 Kd4 64. Ng3 f2 65. Nf1 Kd3 66. Kg3 Ke2 67.
Kg2 g3 68. Nxg3+ Ke1 69. Nf1 Ke2 70. Ng3+ Ke1 71. Kf3 f1=Q+ 72. Nxf1 Kxf1 73.
Kf4 Kf2 74. Kg5 1-0

[Event "2nd Longtou Cup 2019"]
[Site "Qinhuangdao CHN"]
[Date "2019.04.25"]
[Round "9.20"]
[White "Mikhalev, Dmitry"]
[Black "Khvostikov, Sergey"]
[Result "1/2-1/2"]
[WhiteTitle "FM"]
[WhiteElo "2360"]
[BlackElo "2192"]
[WhiteFideId "4183134"]
[BlackFideId "4192583"]
[EventDate "2019.04.16"]

1. d4 Nf6 2. c4 e6 3. Nf3 b6 4. g3 Bb7 5. Bg2 Be7 6. O-O O-O 7. Nc3 Ne4 8. Qc2
Nxc3 9. Qxc3 d6 10. b3 Nd7 11. Bb2 Nf6 12. Rfd1 Be4 13. Rac1 Qc8 14. Qe3 Re8 15.
Ne1 Bxg2 16. Nxg2 c5 17. dxc5 dxc5 18. Rd2 Rd8 19. Rcd1 Qc6 20. Rxd8+ Rxd8 21.
Rxd8+ Bxd8 1/2-1/2

[Event "2nd Longtou Cup 2019"]
[Site "Qinhuangdao CHN"]
[Date "2019.04.25"]
[Round "9.21"]
[White "Kirienko, Vladimir"]
[Black "Ankhchimeg, Bayanmunkh"]
[Result "0-1"]
[BlackTitle "WIM"]
[WhiteElo "2100"]
[BlackElo "2120"]
[WhiteFideId "54197457"]
[BlackFideId "4900600"]
[EventDate "2019.04.16"]

1. d4 f5 2. c4 g6 3. Nc3 Nf6 4. g3 Bg7 5. Bg2 O-O 6. Nf3 d6 7. O-O c6 8. Re1 Ne4
9. Qc2 Nxc3 10. Qxc3 c5 11. Qd2 Nc6 12. d5 Ne5 13. Qc2 Rb8 14. a4 a6 15. Ra2 Ng4
16. b3 h6 17. e4 g5 18. h3 Ne5 19. Nxe5 Bxe5 20. f4 Bd4+ 21. Kh2 e5 22. dxe6
Bxe6 23. fxg5 hxg5 24. exf5 Bxf5 25. Be4 Qd7 26. Bxg5 Be5 27. Qd3 Bxh3 28. Bd5+
Kg7 29. Qe3 Rh8 30. Kh1 Bg2+ 31. Kxg2 Qh3+ 32. Kf3 Rbf8+ 33. Bf4 Rxf4+ 34. Qxf4
Bxf4 35. Re7+ Kg6 36. Kxf4 Rf8+ 0-1

[Event "2nd Longtou Cup 2019"]
[Site "Qinhuangdao CHN"]
[Date "2019.04.25"]
[Round "9.22"]
[White "Bai, Xue"]
[Black "Elgendy, Hesham"]
[Result "1-0"]
[WhiteElo "2103"]
[BlackElo "2049"]
[WhiteFideId "8608717"]
[BlackFideId "10600736"]
[EventDate "2019.04.16"]

1. e4 c5 2. Nf3 g6 3. d4 cxd4 4. Nxd4 Bg7 5. Nc3 Nc6 6. Be3 Nf6 7. Be2 O-O 8.
O-O d6 9. Kh1 Bd7 10. f4 Nxd4 11. Bxd4 Bc6 12. Bf3 Nd7 13. Bxg7 Kxg7 14. Qd4+
Kg8 15. b3 Qb6 16. Qd2 Nc5 17. Nd5 Bxd5 18. Qxd5 e6 19. Qd4 Rfe8 20. c4 a5 21.
Qd2 Rad8 22. f5 exf5 23. exf5 Nd7 24. Bd5 Re7 25. fxg6 hxg6 26. Qg5 Qe3 27.
Qxg6+ Kh8 28. Qh5+ Kg7 29. Rxf7+ Rxf7 30. Qxf7+ Kh6 31. g4 Qe5 32. g5+ Qxg5 33.
Rg1 Qf6 34. Qxf6+ Nxf6 35. Bxb7 Rb8 36. Bc6 Rb6 37. Ba4 Ne4 38. Bb5 d5 39. Rc1
d4 40. Kg2 d3 41. Kf3 Nc5 42. Ke3 Rd6 43. Rd1 Kg5 44. a3 Rh6 45. b4 Nb3 46. Kxd3
Rxh2 47. Kc3 Rh3+ 48. Kb2 axb4 49. axb4 Kf6 50. Ba4 Nc5 51. bxc5 Rh5 52. c6 1-0